Five Closest US States by Continent - Statistics

General Stats
  • This quiz has been taken 349 times
  • The average score is 27 of 30
Answer Stats
Hint km Answer mi % Correct
Asia 3 Alaska 2
97%
Europe 3130 Alaska 1945
97%
Oceania 3581 Alaska 2225
97%
Oceania 3756 California 2334
97%
Antarctica 9823 Florida 6104
97%
South America 1706 Florida 1060
97%
Antarctica 10400 Hawaii 6462
96%
Oceania 0 Hawaii 0
96%
Antarctica 10405 Texas 6465
96%
Asia 3204 Washington 1991
96%
Africa 4464 Maine 2772
95%
Europe 3314 Maine 2059
95%
Asia 3426 Oregon 2129
94%
Oceania 3805 Oregon 2365
94%
Europe 3757 New York 2334
92%
South America 2486 Alabama 1545
89%
Antarctica 10477 Georgia 6510
89%
South America 2273 Georgia 1412
89%
Africa 4772 New Hampshire 2965
86%
Europe 3629 New Hampshire 2255
86%
Africa 4815 Rhode Island 2992
85%
Africa 4819 Vermont 2994
84%
Europe 3663 Vermont 2276
84%
Antarctica 10503 Louisiana 6526
83%
Oceania 3978 Nevada 2472
83%
Asia 3538 Montana 2198
81%
South America 2380 South Carolina 1479
81%
Asia 3487 Idaho 2166
80%
Africa 4708 Massachusetts 2926
80%
South America 2484 North Carolina 1543
78%
No matching quizzes found
Score Distribution
Percent of People with Each Score
Percentile by Number Answered
Your Score History
You have not taken this quiz